[Event "SLO-chT1 East"]
[Site "Slovenia"]
[Date "2017.11.25"]
[Round "8"]
[White "Spalir, Branko"]
[Black "Vidic, Branko"]
[Result "1/2-1/2"]
[WhiteElo "2104"]
[BlackElo "1983"]
[PlyCount "198"]
[EventDate "2017.09.29"]
[EventType "team-tourn"]
[EventRounds "9"]
[EventCountry "SLO"]
[SourceTitle "EXT 2019"]
[Source "ChessBase"]
[SourceDate "2018.10.10"]
[SourceVersion "1"]
[SourceVersionDate "2018.10.10"]
[SourceQuality "1"]
[WhiteTeam "Slovenj Gradec"]
[BlackTeam "Lendava Rokada"]
[WhiteTeamCountry "SLO"]
[BlackTeamCountry "SLO"]

1. e4 c5 2. Nc3 e6 3. g3 Nc6 4. Bg2 g6 5. d3 Bg7 6. f4 Nge7 7. Nf3 0-0 8. 0-0 Nd4 9. Kh1 Rb8 10. Ne2 Nxf3 11. Bxf3 f5 12. c3 b6 13. Qc2 Ba6 14. Re1 Rc8 15. h3 d5 16. e5 Qd7 17. b3 Nc6 18. Rg1 Rfd8 19. Bd2 c4 20. bxc4 dxc4 21. d4 Ne7 22. Kh2 Bb7 23. Bxb7 Qxb7 24. Rg2 b5 25. Rb1 Qd5 26. Rf2 Nc6 27. Be3 Bf8 28. Ng1 b4 29. Nf3 bxc3 30. Qxc3 Rb8 31. Rc1 Rb4 32. g4 Ra4 33. gxf5 exf5 34. Qc2 Qb5 35. Rg1 Kh8 36. Ng5 Rd7 37. Rfg2 Ne7 38. Ne6 Bh6 39. Nc5 Nd5 40. Qf2 Ra3 41. Bc1 Ra6 42. Qh4 Kg7 43. Qf2 Rc7 44. Nxa6 Qxa6 45. h4 c3 46. h5 Rc6 47. hxg6 hxg6 48. Kh1 Qd3 49. Re1 Rc4 50. e6 Nf6 51. Qh4 Rxd4 52. Reg1 Qf3 53. e7 Re4 54. Qg3 Qxg3 55. Rxg3 Ng4 56. Rxc3 Rxe7 57. Ba3 Rd7 58. Rc4 Nf2+ 59. Kg2 Ne4 60. Bb2+ Kf7 61. Bc1 Bf8 62. Ra4 Bc5 63. Rh1 Rd3 64. Rh3 Rd1 65. Rh1 Rd3 66. Rh7+ Ke6 67. Ra6+ Kd5 68. Rd7+ Nd6 69. Rg7 Rd1 70. Ba3 Rd2+ 71. Kf1 Rxa2 72. Bxc5 Rxa6 73. Bxa7 Ne4 74. Ke2 Re6 75. Rd7+ Nd6+ 76. Kf3 Kc6 77. Rg7 Nc4 78. Bb8 Nd2+ 79. Kf2 Ne4+ 80. Kf3 Kd5 81. Rd7+ Kc4 82. Rd8 Rc6 83. Rd7 Kb3 84. Rb7+ Kc2 85. Rc7 Rxc7 86. Bxc7 Kd3 87. Bb8 Nd2+ 88. Kg3 Ke2 89. Bc7 Ne4+ 90. Kg2 Nc5 91. Kg3 Ne6 92. Bb8 Ke3 93. Bd6 Nd4 94. Bb8 Ne2+ 95. Kh4 Nxf4 96. Kg5 Nd3 97. Kxg6 Ke4 98. Kf6 Nf2 99. Ke6 Ng4 1/2-1/2

[Event "SLO-chT1 East"]
[Site "Slovenia"]
[Date "2017.11.11"]
[Round "5"]
[White "Vidic, Branko"]
[Black "Matjasic, Matjaz"]
[Result "1-0"]
[WhiteElo "1983"]
[BlackElo "1643"]
[PlyCount "65"]
[EventDate "2017.09.29"]
[EventType "team-tourn"]
[EventRounds "9"]
[EventCountry "SLO"]
[SourceTitle "EXT 2019"]
[Source "ChessBase"]
[SourceDate "2018.10.10"]
[SourceVersion "1"]
[SourceVersionDate "2018.10.10"]
[SourceQuality "1"]
[WhiteTeam "Lendava Rokada"]
[BlackTeam "Brezice"]
[WhiteTeamCountry "SLO"]
[BlackTeamCountry "SLO"]

1. d4 Nf6 2. c4 g6 3. Nc3 d5 4. cxd5 Nxd5 5. Qb3 Nxc3 6. bxc3 Bg7 7. Nf3 0-0 8. e3 c5 9. Ba3 b6 10. Be2 Be6 11. Qa4 Re8 12. 0-0 cxd4 13. cxd4 Bd7 14. Qc2 Nc6 15. Ba6 Rb8 16. Rfd1 b5 17. Bc5 Qa5 18. a4 Qxa6 19. axb5 Qxb5 20. Rdb1 Qxb1+ 21. Rxb1 Rxb1+ 22. Qxb1 Rb8 23. Qa2 Bf5 24. h3 e5 25. Ng5 Rb7 26. Qd5 h6 27. Qxc6 Rb1+ 28. Kh2 hxg5 29. Qe8+ Kh7 30. Qxf7 Kh6 31. Qg8 Rb2 32. Bf8 Bxf8 33. Qh8# 1-0

[Event "SLO-chT1 East"]
[Site "Slovenia"]
[Date "2016.11.25"]
[Round "7"]
[White "Vidic, Branko"]
[Black "Mitrovic, Boris"]
[Result "0-1"]
[WhiteElo "1973"]
[BlackElo "2184"]
[PlyCount "48"]
[EventDate "2016.09.23"]
[EventType "team-tourn"]
[EventRounds "9"]
[EventCountry "SLO"]
[SourceTitle "EXT 2019"]
[Source "ChessBase"]
[SourceDate "2018.10.10"]
[SourceVersion "1"]
[SourceVersionDate "2018.10.10"]
[SourceQuality "1"]
[WhiteTeam "Lendava Rokada"]
[BlackTeam "Sevnica Majcen"]
[WhiteTeamCountry "SLO"]
[BlackTeamCountry "SLO"]

1. d4 f5 2. g3 g6 3. Bg2 Bg7 4. Nf3 d6 5. 0-0 Nf6 6. c4 0-0 7. Nc3 Qe8 8. d5 a5 9. Be3 Na6 10. Nd4 Bd7 11. Qd2 c6 12. Nb3 Qd8 13. Na4 c5 14. Nc3 a4 15. Nc1 Qa5 16. a3 Nc7 17. Nd3 Qa6 18. Bxc5 dxc5 19. Nxc5 Qb6 20. Nd3 Qd4 21. e3 Qxc4 22. Ne5 Qa6 23. Nxd7 Nxd7 24. Rac1 Nc5 0-1

[Event "SLO-chT1 East"]
[Site "Celje"]
[Date "2014.10.09"]
[Round "1"]
[White "Vidic, Branko"]
[Black "Hari, Bogdan"]
[Result "0-1"]
[WhiteElo "2021"]
[BlackElo "2025"]
[PlyCount "73"]
[EventDate "2014.10.09"]
[EventType "team-tourn"]
[EventRounds "9"]
[EventCountry "SLO"]
[SourceTitle "EXT 2019"]
[Source "ChessBase"]
[SourceDate "2018.10.10"]
[SourceVersion "1"]
[SourceVersionDate "2018.10.10"]
[SourceQuality "1"]
[WhiteTeam "Rokada Lendava"]
[BlackTeam "Radenska Pomgrad II"]
[WhiteTeamCountry "SLO"]
[BlackTeamCountry "SLO"]

1. d4 d5 2. c4 c6 3. e3 Nf6 4. Nf3 Bg4 5. Qb3 Qc7 6. Ne5 Bf5 7. Nc3 e6 8. Be2 Nbd7 9. 0-0 Rb8 10. Nxd7 Nxd7 11. Bd2 Bd6 12. h3 Qd8 13. f4 h5 14. cxd5 exd5 15. Nxd5 Rh6 16. Nc3 Qf6 17. Qd1 Qg6 18. Kh1 Nf6 19. Qe1 Kf8 20. Qf2 Re8 21. Rae1 Ng4 22. Qf3 Nf6 23. Kg1 Be4 24. Qg3 h4 25. Qh2 Bf5 26. Bf3 Ne4 27. Nxe4 Bxe4 28. Kh1 Qf5 29. Qg1 Rg6 30. Qf2 Rg3 31. Bxe4 Qxe4 32. Kh2 Re6 33. Qe2 g5 34. Kg1 Rg6 35. Kh2 g4 36. hxg4 R3xg4 37. Rg1 0-1

[Event "SLO-chT"]
[Site "Slovenia"]
[Date "2013.12.13"]
[Round "7"]
[White "Brumen, Dinko"]
[Black "Vidic, Branko"]
[Result "1-0"]
[WhiteElo "2373"]
[BlackElo "2027"]
[PlyCount "67"]
[EventDate "2013.11.22"]
[EventType "team-tourn"]
[EventRounds "9"]
[EventCountry "SLO"]
[SourceTitle "EXT 2015"]
[Source "ChessBase"]
[SourceDate "2014.11.20"]
[SourceVersion "1"]
[SourceVersionDate "2014.11.20"]
[SourceQuality "1"]
[WhiteTeam "Triglav Krsko"]
[BlackTeam "Rokada Lendava"]
[WhiteTeamCountry "SLO"]
[BlackTeamCountry "SLO"]

1. d4 Nf6 2. Bg5 Ne4 3. Bf4 d6 4. f3 Nf6 5. e4 Nbd7 6. Bc4 e5 7. dxe5 dxe5 8. Be3 Be7 9. Nc3 c6 10. a4 0-0 11. Nge2 Qa5 12. 0-0 Bc5 13. Qc1 Qb6 14. Nd1 a5 15. Kh1 Re8 16. Bg5 Qb4 17. b3 Be7 18. Ng3 Nb6 19. Bd3 Be6 20. Bd2 Qd6 21. Ne3 Qc7 22. Nef5 Bf8 23. Bc3 Nbd7 24. Qg5 Kh8 25. f4 Bxf5 26. Nxf5 Ng8 27. Rf3 f6 28. Qg4 Ne7 29. Rh3 Nxf5 30. Qxf5 h6 31. g4 Bd6 32. g5 fxg5 33. fxg5 Rf8 34. Qg6 1-0

[Event "SLO-chT1 Ost"]
[Site "Sentjur"]
[Date "2011.10.22"]
[Round "8"]
[White "Korze, Danilo"]
[Black "Vidic, Branko"]
[Result "0-1"]
[WhiteElo "2063"]
[BlackElo "2014"]
[PlyCount "106"]
[EventDate "2011.10.13"]
[EventType "team-tourn"]
[EventRounds "9"]
[EventCountry "SLO"]
[SourceTitle "EXT 2022"]
[Source "ChessBase"]
[SourceDate "2021.10.06"]
[SourceVersion "1"]
[SourceVersionDate "2021.10.06"]
[SourceQuality "1"]
[WhiteTeam "Hoce"]
[BlackTeam "Lendava Rokada"]
[WhiteTeamCountry "SLO"]
[BlackTeamCountry "SLO"]

1. c4 Nf6 2. Nc3 g6 3. g3 Bg7 4. Bg2 0-0 5. d4 d6 6. Nf3 Nc6 7. 0-0 e5 8. d5 Ne7 9. e4 Ne8 10. Ne1 c6 11. Be3 f5 12. f3 Nf6 13. Rb1 Nh5 14. Bg5 f4 15. g4 Nf6 16. h3 h6 17. Bh4 g5 18. Bf2 cxd5 19. cxd5 Ng6 20. Qb3 h5 21. Rc1 Rf7 22. Nb5 a6 23. Na3 Bd7 24. Bb6 Qe8 25. Rf2 Bf8 26. Rc7 Ba4 27. Qb4 Rxc7 28. Bxc7 Qd7 29. Bb6 Rc8 30. b3 Bb5 31. Nxb5 axb5 32. Rc2 Rxc2 33. Nxc2 hxg4 34. hxg4 Nh4 35. Bf2 Nxg2 36. Kxg2 Nxg4 37. fxg4 Qxg4+ 38. Kf1 Qh3+ 39. Ke2 g4 40. Qxb5 Qf3+ 41. Ke1 g3 42. Ba7 Qxe4+ 43. Kd2 f3 44. Qc4 Qg6 45. Ke1 g2 46. Bg1 Qg3+ 47. Kd1 f2 48. Bxf2 Qxf2 49. Qg4+ Kh7 50. Qh3+ Bh6 51. Qd7+ Kh8 52. Qe8+ Qf8 53. Qg6 Qf3+ 0-1

[Event "SLO-chT1 Ost"]
[Site "Sentjur"]
[Date "2011.10.16"]
[Round "5"]
[White "Vidic, Branko"]
[Black "Smon, Gregor"]
[Result "1-0"]
[WhiteElo "2014"]
[BlackElo "1972"]
[PlyCount "65"]
[EventDate "2011.10.13"]
[EventType "team-tourn"]
[EventRounds "9"]
[EventCountry "SLO"]
[SourceTitle "EXT 2022"]
[Source "ChessBase"]
[SourceDate "2021.10.06"]
[SourceVersion "1"]
[SourceVersionDate "2021.10.06"]
[SourceQuality "1"]
[WhiteTeam "Lendava Rokada"]
[BlackTeam "Slovenj Gradec"]
[WhiteTeamCountry "SLO"]
[BlackTeamCountry "SLO"]

1. d4 Nf6 2. Nf3 g6 3. c4 Bg7 4. Nc3 0-0 5. e4 d6 6. Be2 e5 7. 0-0 Nc6 8. d5 Ne7 9. Ne1 Ne8 10. Nd3 f5 11. f4 c6 12. Kh1 cxd5 13. cxd5 Qb6 14. fxe5 dxe5 15. Bg5 Rf7 16. Qd2 Bd7 17. Be3 Qd8 18. Nc5 Nd6 19. Rad1 fxe4 20. Rxf7 Kxf7 21. Rf1+ Kg8 22. N3xe4 Nxe4 23. Nxe4 Bf5 24. Nc3 a6 25. d6 Nc6 26. Bg5 Qd7 27. Bc4+ Kh8 28. Na4 Rf8 29. Nb6 Qe8 30. d7 Qb8 31. Rd1 Nd8 32. Be7 Qc7 33. Qd5 1-0

[Event "SLO-chT1 Ost"]
[Site "Sentjur"]
[Date "2011.10.15"]
[Round "3"]
[White "Flander, Nejc"]
[Black "Vidic, Branko"]
[Result "1-0"]
[WhiteElo "1940"]
[BlackElo "2014"]
[PlyCount "45"]
[EventDate "2011.10.13"]
[EventType "team-tourn"]
[EventRounds "9"]
[EventCountry "SLO"]
[SourceTitle "EXT 2022"]
[Source "ChessBase"]
[SourceDate "2021.10.06"]
[SourceVersion "1"]
[SourceVersionDate "2021.10.06"]
[SourceQuality "1"]
[WhiteTeam "Zalec"]
[BlackTeam "Lendava Rokada"]
[WhiteTeamCountry "SLO"]
[BlackTeamCountry "SLO"]

1. e4 c5 2. d4 cxd4 3. c3 dxc3 4. Nxc3 g6 5. Bc4 Bg7 6. Qb3 e6 7. Nb5 Ne7 8. Nd6+ Kf8 9. Qf3 f6 10. Bd2 Qc7 11. Qa3 Nbc6 12. Rc1 h5 13. Bb5 Bh6 14. f4 Kg7 15. Ne2 a6 16. Bxc6 Nxc6 17. 0-0 b5 18. Qd3 Qd8 19. Nd4 Qb6 20. Be3 Nb4 21. Qd2 Qa5 22. Nb3 Qa4 23. Nxc8 1-0

[Event "SLO-chT1 Ost"]
[Site "Sentjur"]
[Date "2011.10.13"]
[Round "1"]
[White "Kos, Igor"]
[Black "Vidic, Branko"]
[Result "1/2-1/2"]
[WhiteElo "2048"]
[BlackElo "2014"]
[PlyCount "44"]
[EventDate "2011.10.13"]
[EventType "team-tourn"]
[EventRounds "9"]
[EventCountry "SLO"]
[SourceTitle "EXT 2022"]
[Source "ChessBase"]
[SourceDate "2021.10.06"]
[SourceVersion "1"]
[SourceVersionDate "2021.10.06"]
[SourceQuality "1"]
[WhiteTeam "Radenska Pomgrad II"]
[BlackTeam "Lendava Rokada"]
[WhiteTeamCountry "SLO"]
[BlackTeamCountry "SLO"]

1. e4 c5 2. Nf3 d6 3. b3 Nf6 4. Bb5+ Bd7 5. Qe2 Nc6 6. Bb2 e6 7. 0-0 Be7 8. d4 cxd4 9. Nxd4 Qc7 10. Nxc6 bxc6 11. Bd3 0-0 12. c4 e5 13. h3 Be6 14. Nc3 g6 15. Bc1 Nh5 16. Bh6 Rfe8 17. Qe3 Bf6 18. Rac1 Qe7 19. Ne2 Rad8 20. g4 Nf4 21. Nxf4 exf4 22. Bxf4 Be5 1/2-1/2

[Event "Ljubljana-chT 64th Superliga"]
[Site "Ljubljana"]
[Date "2011.01.27"]
[Round "3.2"]
[White "Vidic, Branko"]
[Black "Galle, Leopold"]
[Result "1/2-1/2"]
[WhiteElo "2014"]
[BlackElo "2148"]
[PlyCount "57"]
[EventDate "2011.01.13"]
[EventType "team-tourn"]
[EventRounds "9"]
[EventCountry "SLO"]
[SourceTitle "EXT 2022"]
[Source "ChessBase"]
[SourceDate "2021.10.06"]
[SourceVersion "1"]
[SourceVersionDate "2021.10.06"]
[SourceQuality "1"]
[WhiteTeam "Klinicni Center"]
[BlackTeam "Domzale SD"]
[WhiteTeamCountry "SLO"]
[BlackTeamCountry "SLO"]

1. d4 Nf6 2. Nf3 g6 3. c4 Bg7 4. Nc3 0-0 5. e4 d6 6. Be2 e5 7. 0-0 Nc6 8. d5 Ne7 9. Ne1 Nd7 10. Nd3 f5 11. f4 Kh8 12. fxe5 Nxe5 13. Nxe5 Bxe5 14. Bh6 Rf7 15. Qd2 Ng8 16. Bg5 Qf8 17. exf5 Bxf5 18. g4 Bd7 19. h3 Qg7 20. Rxf7 Qxf7 21. Rf1 Qg7 22. Be3 a6 23. Ne4 Re8 24. Ng5 Re7 25. Kg2 h6 26. Nf3 Bxb2 27. Bd3 Bc3 28. Qc1 Bb2 29. Qd2 1/2-1/2

[Event "SLO-chT1 Ost"]
[Site "Sentjur"]
[Date "2010.11.20"]
[Round "7"]
[White "Vidic, Branko"]
[Black "Matko, Milan"]
[Result "0-1"]
[WhiteElo "1992"]
[BlackElo "2077"]
[PlyCount "46"]
[EventDate "2010.11.04"]
[EventType "team-tourn"]
[EventRounds "9"]
[EventCountry "SLO"]
[SourceTitle "EXT 2022"]
[Source "ChessBase"]
[SourceDate "2021.10.06"]
[SourceVersion "1"]
[SourceVersionDate "2021.10.06"]
[SourceQuality "1"]
[WhiteTeam "Lendava Rokada"]
[BlackTeam "Velenje Veplas"]
[WhiteTeamCountry "SLO"]
[BlackTeamCountry "SLO"]

1. d4 g6 2. Nf3 Bg7 3. c4 d6 4. Nc3 Nf6 5. e4 0-0 6. Be2 e5 7. 0-0 Nc6 8. d5 Ne7 9. Ne1 Nd7 10. Nd3 f5 11. f3 a5 12. Rb1 f4 13. a3 g5 14. b4 h5 15. c5 axb4 16. axb4 Nf6 17. Nf2 Rf7 18. Bd2 Bf8 19. cxd6 cxd6 20. Nb5 g4 21. Qc2 Ng6 22. Kh1 g3 23. Nd3 Nh7 0-1

[Event "SLO-chT1 Ost"]
[Site "Sentjur"]
[Date "2010.11.09"]
[Round "5"]
[White "Sorcnik, Franc"]
[Black "Vidic, Branko"]
[Result "1-0"]
[WhiteElo "2136"]
[BlackElo "1992"]
[PlyCount "116"]
[EventDate "2010.11.04"]
[EventType "team-tourn"]
[EventRounds "9"]
[EventCountry "SLO"]
[SourceTitle "EXT 2022"]
[Source "ChessBase"]
[SourceDate "2021.10.06"]
[SourceVersion "1"]
[SourceVersionDate "2021.10.06"]
[SourceQuality "1"]
[WhiteTeam "Slovenska Bistrica Impol"]
[BlackTeam "Lendava Rokada"]
[WhiteTeamCountry "SLO"]
[BlackTeamCountry "SLO"]

1. e4 c5 2. Nf3 d6 3. d4 cxd4 4. Nxd4 Nf6 5. Bd3 e6 6. 0-0 Be7 7. c4 0-0 8. Nc3 Nc6 9. Nxc6 bxc6 10. b3 e5 11. Qe2 Be6 12. Rd1 Qc7 13. Bb2 Rac8 14. Rac1 Qb8 15. h3 Nd7 16. Na4 Bg5 17. Rc3 g6 18. Bb1 Nf6 19. g4 Bf4 20. Rcd3 Rfd8 21. Nc3 Rd7 22. f3 Rcd8 23. Re1 d5 24. exd5 cxd5 25. cxd5 Bxd5 26. Red1 Bc6 27. Rxd7 Rxd7 28. Rxd7 Nxd7 29. Be4 Qb6+ 30. Kg2 Nf6 31. Qc4 Nxe4 32. Nxe4 Bxe4 33. Qxe4 Qd6 34. Qc2 Be3 35. a3 Kg7 36. b4 Bb6 37. b5 Qf6 38. a4 Bd4 39. Ba3 Qf4 40. Bc1 Qf6 41. g5 Qe7 42. Bd2 Bc5 43. h4 Qd6 44. Be1 Kf8 45. a5 Ke7 46. Bf2 Bd4 47. Bxd4 exd4 48. Qe4+ Kd7 49. Qb7+ Qc7 50. Qd5+ Ke7 51. b6 axb6 52. a6 Qc2+ 53. Kg3 Qc7+ 54. f4 Qc3+ 55. Qf3 Qe1+ 56. Kg2 Qd2+ 57. Kf1 Qc1+ 58. Ke2 Qc7 1-0

[Event "Ljubljana-chT"]
[Site "Gostovanja"]
[Date "2009.01.15"]
[Round "2.3"]
[White "Vidic, Branko"]
[Black "Jukan, Damir"]
[Result "1-0"]
[WhiteElo "1956"]
[BlackElo "1691"]
[PlyCount "91"]
[EventDate "2009.01.08"]
[EventType "team-tourn"]
[EventRounds "9"]
[EventCountry "SLO"]
[SourceTitle "EXT 2011"]
[Source "ChessBase"]
[SourceDate "2010.11.26"]
[SourceVersion "1"]
[SourceVersionDate "2010.11.26"]
[SourceQuality "1"]

1. d4 d5 2. c4 c6 3. Nf3 dxc4 4. e3 b5 5. a4 Nf6 6. b3 bxa4 7. bxc4 e6 8. Qxa4 Bb7 9. Be2 Bd6 10. 0-0 0-0 11. Nbd2 Nbd7 12. c5 Be7 13. Nc4 Nd5 14. Bd2 Nc7 15. Na5 Qc8 16. Nxc6 Bxc6 17. Qxc6 Nd5 18. Qa4 e5 19. Ba6 Nxc5 20. dxc5 Qxc5 21. Rfc1 Qd6 22. Bb7 Nb6 23. Qe4 Rad8 24. Be1 Rd7 25. Qc6 Qb8 26. Ba6 Rfd8 27. g3 Rd6 28. Qc7 Qxc7 29. Rxc7 Bf6 30. e4 g5 31. g4 h5 32. h3 hxg4 33. hxg4 R8d7 34. Rxd7 Rxd7 35. Bb5 Rc7 36. Bd2 Nc4 37. Bxc4 Rxc4 38. Re1 Kf8 39. Nxg5 Bd8 40. Nf3 f6 41. g5 fxg5 42. Nxe5 Rc2 43. Be3 a5 44. Rc1 Rxc1+ 45. Bxc1 Bf6 46. Nd7+ 1-0

[Event "SLO-chT1 East"]
[Site "Celje"]
[Date "2008.12.14"]
[Round "5"]
[White "Juric, Marko"]
[Black "Vidic, Branko"]
[Result "0-1"]
[WhiteElo "1792"]
[BlackElo "1956"]
[PlyCount "60"]
[EventDate "2008.11.20"]
[EventType "team-tourn"]
[EventRounds "9"]
[EventCountry "SLO"]
[SourceTitle "EXT 2010"]
[Source "ChessBase"]
[SourceDate "2010.11.25"]
[SourceVersion "1"]
[SourceVersionDate "2010.11.25"]
[SourceQuality "1"]

1. e4 c5 2. Nf3 d6 3. d4 cxd4 4. Nxd4 Nf6 5. Nc3 a6 6. a4 e6 7. Be2 Be7 8. 0-0 0-0 9. Be3 Nc6 10. Bf3 Qc7 11. Nxc6 bxc6 12. Ne2 Rb8 13. b3 d5 14. exd5 cxd5 15. c3 a5 16. Bd2 e5 17. g3 Bf5 18. Nc1 Ne4 19. Bxe4 dxe4 20. g4 Bg6 21. Ne2 f5 22. Ng3 f4 23. Ne2 Bc5 24. b4 Ba7 25. Be1 Rbd8 26. Qc1 Rd3 27. c4 Qc8 28. Kh1 Qxg4 29. Nc3 Qf3+ 30. Kg1 Rf5 0-1

[Event "SLO-chT1 East"]
[Site "Celje"]
[Date "2008.12.13"]
[Round "4"]
[White "Vidic, Branko"]
[Black "Brinovec, Franc"]
[Result "0-1"]
[WhiteElo "1956"]
[BlackElo "2112"]
[PlyCount "58"]
[EventDate "2008.11.20"]
[EventType "team-tourn"]
[EventRounds "9"]
[EventCountry "SLO"]
[SourceTitle "EXT 2010"]
[Source "ChessBase"]
[SourceDate "2010.11.25"]
[SourceVersion "1"]
[SourceVersionDate "2010.11.25"]
[SourceQuality "1"]

1. d4 d5 2. c4 Nf6 3. cxd5 Qxd5 4. Nc3 Qa5 5. Bd2 c6 6. e4 e6 7. Nf3 Be7 8. a3 Qd8 9. Be2 Nbd7 10. e5 Nd5 11. Nxd5 exd5 12. Rc1 Nf8 13. 0-0 Bf5 14. Be3 Ne6 15. Nd2 g5 16. b4 a5 17. Ra1 axb4 18. axb4 0-0 19. Rxa8 Qxa8 20. Qb3 Qa7 21. Qb2 Ra8 22. b5 c5 23. dxc5 Bxc5 24. Bxc5 Qxc5 25. Rc1 Qb6 26. Nf3 h6 27. h3 Rd8 28. Qb3 Qa5 29. Nd2 Bg6 0-1

[Event "SLO-chT1 East"]
[Site "Celje"]
[Date "2007.11.21"]
[Round "7"]
[White "Dravinec, Ladislav"]
[Black "Vidic, Branko"]
[Result "1-0"]
[WhiteElo "1980"]
[BlackElo "1927"]
[PlyCount "125"]
[EventDate "2007.11.11"]
[EventType "team-tourn"]
[EventRounds "9"]
[EventCountry "SLO"]
[SourceTitle "EXT 2010"]
[Source "ChessBase"]
[SourceDate "2010.11.25"]
[SourceVersion "1"]
[SourceVersionDate "2010.11.25"]
[SourceQuality "1"]

1. e4 c5 2. c3 d6 3. d4 Qc7 4. Bd3 g6 5. Nf3 Bg7 6. h3 Nc6 7. d5 Nb8 8. 0-0 Nf6 9. c4 0-0 10. Nc3 a6 11. Re1 Nbd7 12. Be3 Rb8 13. a4 e6 14. Qd2 exd5 15. exd5 Ne8 16. Bh6 Ne5 17. Nxe5 dxe5 18. Bxg7 Kxg7 19. Qe3 f6 20. Re2 Nd6 21. g4 Re8 22. Qg3 Nf7 23. Rae1 Bd7 24. Bc2 b6 25. h4 Qc8 26. f3 Kh8 27. h5 Kg7 28. hxg6 hxg6 29. Rh2 Rh8 30. Rxh8 Qxh8 31. Kg2 Qh6 32. Ne4 Qf4 33. Qxf4 exf4 34. b3 Re8 35. Kf2 Rh8 36. Kg2 Re8 37. Kf2 Rb8 38. a5 f5 39. gxf5 Bxf5 40. axb6 Bxe4 41. Rxe4 Rxb6 42. Rxf4 Nd6 43. Rg4 Nb7 44. Re4 Na5 45. Re3 Rf6 46. Kg3 Rf7 47. Kg4 Rb7 48. Re6 Nxb3 49. Rxg6+ Kf7 50. Rxa6 Nd4 51. Be4 Ke8 52. Ra8+ Kd7 53. Ra5 Kd6 54. Ra6+ Kd7 55. Rc6 Nb3 56. Bf5+ Ke8 57. Kg5 Re7 58. Be6 Kf8 59. Kf6 Nd4 60. Rxc5 Nxf3 61. Rc8+ Re8 62. Rc7 Nd4 63. Rh7 1-0

[Event "SLO-chT1 East"]
[Site "Celje"]
[Date "2007.11.21"]
[Round "9"]
[White "Tomazic, Martin"]
[Black "Vidic, Branko"]
[Result "0-1"]
[WhiteElo "1720"]
[BlackElo "1927"]
[PlyCount "77"]
[EventDate "2007.11.11"]
[EventType "team-tourn"]
[EventRounds "9"]
[EventCountry "SLO"]
[SourceTitle "EXT 2010"]
[Source "ChessBase"]
[SourceDate "2010.11.25"]
[SourceVersion "1"]
[SourceVersionDate "2010.11.25"]
[SourceQuality "1"]

1. e4 c5 2. Nf3 d6 3. d4 cxd4 4. Nxd4 Nf6 5. Nc3 a6 6. Be2 e6 7. 0-0 Be7 8. f4 0-0 9. a4 Nc6 10. Nb3 Qc7 11. Be3 Bd7 12. a5 Rac8 13. Bf3 Be8 14. g4 Nd7 15. Qd2 Nc5 16. Qf2 Nb4 17. Nxc5 dxc5 18. g5 Nc6 19. f5 Nxa5 20. e5 Nc4 21. f6 Bd8 22. fxg7 Kxg7 23. Be4 Nxe3 24. Qxe3 Qxe5 25. Rf3 Bc6 26. Raf1 Qd4 27. Qxd4+ cxd4 28. Bxc6 Rxc6 29. Ne4 Rxc2 30. Nd6 Rc7 31. h4 Rd7 32. Ne4 d3 33. Rd1 Bb6+ 34. Kg2 Rfd8 35. h5 d2 36. h6+ Kh8 37. g6 Kg8 38. Nf6+ Kf8 39. Nxh7+ 0-1

[Event "SLO-chT1 East"]
[Site "Celje"]
[Date "2007.11.21"]
[Round "8"]
[White "Vidic, Branko"]
[Black "Dular, Maksimiljan"]
[Result "0-1"]
[WhiteElo "1927"]
[BlackElo "1973"]
[PlyCount "156"]
[EventDate "2007.11.11"]
[EventType "team-tourn"]
[EventRounds "9"]
[EventCountry "SLO"]
[SourceTitle "EXT 2010"]
[Source "ChessBase"]
[SourceDate "2010.11.25"]
[SourceVersion "1"]
[SourceVersionDate "2010.11.25"]
[SourceQuality "1"]

1. d4 Nf6 2. Nf3 d5 3. c4 e6 4. Nc3 Be7 5. e3 a6 6. Bd3 0-0 7. 0-0 dxc4 8. Bxc4 b5 9. Bd3 Bb7 10. Qe2 c5 11. dxc5 Bxc5 12. Rd1 Qb6 13. b3 Nc6 14. a3 Rac8 15. Bb2 Rfd8 16. b4 Bf8 17. Rac1 Ne7 18. Ng5 Ng6 19. Nce4 Nxe4 20. Nxe4 Bd5 21. Bd4 Qb7 22. f3 e5 23. Nc5 Bxc5 24. Bxc5 e4 25. fxe4 Bxe4 26. Bxe4 Qxe4 27. Rxd8+ Rxd8 28. Rd1 Re8 29. Qd3 h6 30. Qxe4 Rxe4 31. Rd8+ Kh7 32. Rd7 Kg8 33. Ra7 Re6 34. Kf2 Ne5 35. Ra8+ Kh7 36. h3 Nc4 37. Ke2 Nxa3 38. Kf3 Nc4 39. Ra7 Kg6 40. Bd4 h5 41. Ke2 f6 42. Kf3 Nd2+ 43. Ke2 Ne4 44. Kf3 Kh6 45. Ra8 Nd2+ 46. Ke2 Nb3 47. Kd3 Rc6 48. Ra7 Kg6 49. Ke4 Rc4 50. Rxa6 Rxb4 51. Rb6 Na5 52. Kf3 Rb3 53. Bc5 Nc4 54. Rb7 Ne5+ 55. Ke4 Rb1 56. Bf8 Nf7 57. Kf3 Ng5+ 58. Kg3 Ne6 59. Bd6 Rb2 60. Kf3 h4 61. Rb6 Kf5 62. e4+ Kg5 63. Bb8 Rb3+ 64. Kf2 Nc5 65. e5 Nd3+ 66. Ke2 Nxe5 67. Rb7 Kf5 68. Rxg7 Rb2+ 69. Ke3 Rb3+ 70. Kd2 Ng6 71. Ke2 b4 72. Rb7 Rb2+ 73. Kf3 b3 74. Rb5+ Ne5+ 75. Ke3 Rxg2 76. Kd4 Rd2+ 77. Kc3 Rd3+ 78. Kb2 Rxh3 0-1